01454nab a22002537a 4500003000400000005001700004008004100021040000700062100002600069245022300095260007300318300001200391500004500403505035300448505009000801650003400891650003900925650001500964650002900979650001801008653002301026653001801049773013301067OSt20250306130810.0190603e xxum|||| |||| 00| 0 spa d cPJ aAmormino, Felipe Juan10aPanorama del régimen patrimonial matrimonial en derecho internacional privado y el enorme impacto de su parte general. La ultraactividad de las normas de conflicto, de las leyes 2393 y 23.515 /cFelipe Juan Amormino. cCiudad Autónoma de Buenos Aires :aThomson Reuters La Ley, b2024. ap. 5-24 aCita Online: TR LALEY AR/DOC/1727/2024.  aSumario: I. Introducción.— II. Regímenes posibles en el derecho internacional privado comparado.— III. Fuentes del derecho internacional privado patrimonial matrimonial en el derecho argentino.— IV. Tratados de Montevideo.— V. Fuente interna.— VI. Impacto de la parte general del derecho internacional privado.— VII. Conclusiones.  t¿Te interesa el texto completo? Solicitalo al correo: koha@justierradelfuego.gov.ar  0aDERECHO INTERNACIONAL PRIVADO 0aREGIMEN PATRIMONIAL DEL MATRIMONIO 0aMATRIMONIO 0aCODIGO CIVIL Y COMERCIAL 0aORDEN PUBLICO aFORMA DEL CONTRATO aFORMA ESCRITA0 02713dCiudad Autónoma de Buenos Aires : Thomson Reuters La Ley, 2015-tRevista Código Civil y Comercial. Nº 4 - Agosto 2024